BioInformatics (Record no. 359575)

MARC details
000 -LEADER
fixed length control field 00511 a2200205 4500
005 - DATE & TIME
control field 20250421120052.0
008 - FIXED-LENGTH DATA ELEMENTS--GENERAL INFORMATION
fixed length control field 250421b |||||||| |||| 00| 0 eng d
020 ## - ISBN
International Standard Book Number 9788123918280
Price Rs. 795.00
040 ## - CATALOGING SOURCE
Original cataloging agency VIVEKANANDA LIBRARY
082 ## - DDC NUMBER
Classification number 570.285
Book Number C936B
100 ## - MAIN ENTRY--PERSONAL NAME
Personal name Curran, B G
245 ## - TITLE STATEMENT
Title BioInformatics
260 ## - PUBLICATION, DISTRIBUTION, ETC. (IMPRINT)
Name of publisher, distributor, etc CBS Publishers and Distibutors
Date of publication, distribution, etc 2024
Place of publication, distribution, etc New Delhi
300 ## - PHYSICAL DESCRIPTION
Pages xxi, 547
650 ## - Subject
Subject Bioinformatics
650 ## - Subject
Subject Biology
700 ## - Added Entry Personal Name
Added Entry Personal Name Walker, R J
700 ## - Added Entry Personal Name
Added Entry Personal Name Bhatia, S C
942 ## - ADDED ENTRY ELEMENTS (KOHA)
Koha item type Books
Holdings
Withdrawn status Lost status Source of classification or shelving scheme Damaged status Not for loan Location (home branch) Sublocation or collection (holding branch) Shelving location Date acquired Koha issues (times borrowed) Koha full call number Accession No. Koha date last seen Koha item type
    Dewey Decimal Classification     VIVEKANANDA LIBRARY VIVEKANANDA LIBRARY Vivekananda Library 21/01/2025   570.285 C936B 441593 21/01/2025 Books
© Designed and Maintained by Vivekananda Library, MDU Rohtak